[Event "FISU World University"]
[Site "Tornelo INT"]
[Date "2020.10.27"]
[Round "6.29"]
[White "Zuleta, Juan Carlos"]
[Black "Engaitah, Abdalsalam A"]
[Result "1-0"]
[WhiteElo "1934"]
[BlackElo "1944"]
[PlyCount "53"]
[EventDate "2020.10.26"]
[EventType "team-swiss (rapid)"]
[EventRounds "9"]
[EventCountry "NET"]
[SourceTitle "CBM 199 Extra"]
[Source "ChessBase"]
[SourceDate "2021.01.31"]
[SourceVersion "1"]
[SourceVersionDate "2021.01.31"]
[SourceQuality "1"]
[WhiteTeam "Colombia V"]
[BlackTeam "Libya"]
[WhiteTeamCountry "COL"]
[BlackTeamCountry "LBY"]

1. e4 d5 2. exd5 Qxd5 3. Nc3 Qd8 4. d4 Nf6 5. Nf3 e6 6. Be2 b6 7. Bf4 Bb7 8. 0-0 Bd6 9. Ne5 0-0 10. Nb5 Na6 11. Bg5 Be7 12. a3 c6 13. Nc3 Qc7 14. Bf4 Bd6 15. Bd3 Rad8 16. Qe2 Nb8 17. Bg3 a6 18. Ne4 Nxe4 19. Qxe4 f5 20. Qe2 Qe7 21. Qh5 Nd7 22. Nxd7 Rxd7 23. Bh4 Qf7 24. Qxf7+ Kxf7 25. Rfe1 c5 26. Rad1 h6 27. Bc4 1-0